000 01194nam2a2200253 4500
001 RU\NLR\bibl\1298284
005 20250615150225.0
010 _a978-5-7851-0681-9
035 _a(NLR Aleph) 001283893
090 _a516426
_c516426
100 _a20080925d2008 |||y0rusy50 ca
101 0 _arus
102 _aRU
105 _ay |||||||||
200 1 _aЕвропа
210 _d2008
_aБ. м.
215 _a242 с.
_cил.
461 0 _1001RU\NLR\bibl\1355976
_12001#$aПравители стран мира с древнейших времен до наших дней$vКн. 1
_9903683
_aРукосуев, Е. Ю. (д-р ист. наук ; 1958-2020)
_cЕкатеринбург
_d2008
_fЕ.Ю. Рукосуев, Г.В. Григорьев
_nБанк культурной информации
_o[в 3 кн.]
_tПравители стран мира с древнейших времен до наших дней
_vКн. 1
606 1 _aГосударственные и политические деятели
_yЕвропейские страны
_91465135
_3RU\NLR\auth\66312565
801 0 _aRU
_bNLR
_c20080925
_gRCR
801 1 _aRU
_bNLR
_c20080925
942 _cBOOK
980 _aNB